Industrial biotechnology / (Record no. 51696)

MARC details
000 -LEADER
fixed length control field 00562nam a2200205Ia 4500
005 - DATE AND TIME OF LATEST TRANSACTION
control field 20260429111955.0
008 - FIXED-LENGTH DATA ELEMENTS--GENERAL INFORMATION
fixed length control field 260429s9999||||xx |||||||||||||| ||und||
020 ## - INTERNATIONAL STANDARD BOOK NUMBER
International Standard Book Number 9783111329932
041 ## - LANGUAGE CODE
Language English
082 ## - DEWEY DECIMAL CLASSIFICATION NUMBER
Classification number 660.63
Item number BEN
100 ## - MAIN ENTRY--PERSONAL NAME
Personal name Benvenuto, Mark Anthony
245 #0 - TITLE STATEMENT
Title Industrial biotechnology /
Statement of responsibility, etc Mark Anthony Benvenuto
250 ## - EDITION STATEMENT
Edition statement 2nd ed.
260 ## - PUBLICATION, DISTRIBUTION, ETC. (IMPRINT)
Place of publication, distribution, etc Germany :
Name of publisher, distributor, etc De Gruyter,
Date of publication, distribution, etc 2024.
300 ## - PHYSICAL DESCRIPTION
Extent ix, 142 p.; pbk
650 ## - SUBJECT ADDED ENTRY--TOPICAL TERM
Topical term or geographic name as entry element Biochemical engineering
650 ## - SUBJECT ADDED ENTRY--TOPICAL TERM
Topical term or geographic name as entry element Industrial biotechnology
650 ## - SUBJECT ADDED ENTRY--TOPICAL TERM
Topical term or geographic name as entry element Biotechnology
942 ## - ADDED ENTRY ELEMENTS (KOHA)
Koha item type Text Books
Holdings
Withdrawn status Lost status Damaged status Not for loan Collection code Home library Location Shelving location Date of Cataloging Source of acquisition Total Checkouts Full call number Barcode Date last seen Price effective from Koha item type
        Non-fiction CUTN Central Library CUTN Central Library Medicine, Technology & Management 29/04/2026 Feel Books, Chennai - Invoice No. BRL/CRB/25-26/568 on 13-02-2026   660.63 BEN 56724 29/04/2026 29/04/2026 Text Books